00406nam a22001337a 450000500170000000800410001704100120005808200130007010000130008324500350009626000860013130000300021765000250024720240515141348.0240515b |||||||| |||| 00| 0 eng d aEnglish a349 LAW  lEnglish  aThe Law Reports: Appeal Cases  aLondon: bThe Incorporated Council of Law Reporting for England and Wales, c1910 bxxv, 672 pages; c25 cm.  aLegal practice bLaw